00721 a2200193 4500022001200000050002300012100002700035110003400062245019000096264004600286300001100332500004900343650003000392650001900422651001800441700002400459700002700483710001700510 Ino issn00aKTL19.A35 SOU 1971 aDuncan, Graemeeeditor aSupreme Court of South Africa04aSouth African law reports 1971 (3) September : bDecisions of the Supreme Court of South Africa, South-West Africa division, High court of Rhodesia /cGraeme Duncan, M. Barnett ...et al aSouth Africa:bJuta and Company LTDc1971 a280p.: aIncludes bibliographical reference and index 0aLaw reports, digests, etc 0aTable of cases 7aSouth Africa.1 aBarnett, M.eeditor1 aBuchanan, J.L.eeditor1 aSouth Africa